000 01467nam a2200337 i 4500
001 197971
003 ES-MaACL
005 20260208063017.0
007 ta
008 251120s2024 sp |||||| 000 | spa|
017 _aGU 158-2024
_bOficina Depósito Legal Guadalajara
020 _a978-84-19505347
040 _aES-MaACL
_bspa
_cES-MaACL
_erda
080 _a728.82(460.281 G.)
100 1 _aRomero Medina, Raúl
_4aut
_9242529
_eaut
245 1 0 _aLa fábrica de las casas del infantado en Guadalajara (1376-1512) :
_blos usos y las funciones artísticas de la temprana Edad Moderna en España /
_cRaúl Romero Medina ; prólogo de Miguel Ángel Landero Quesada
250 _aPrimera edición : 2025
264 1 _aGuadalajara :
_bDiputación de Guadalajara,
_c2025
300 _a506 páginas :
_bfotografías (blanco y negro y color) ;
_c24 cm +
_e2 planos
336 _atexto
_2rdacontent
337 _asin mediación
_2rdamedia
338 _avolumen
_2rdacarrier
504 _aBibliografía: páginas 435 (sin numerar) - 460. Índices
586 _aPremio Provincia de Guadalajara de Investigación Histórica Layna Serrano 2023
610 2 4 _9150900
_aPalacio del Infantado (Guadalajara)
852 _aES-MaACL
_cDEPOJ
_jA-15900
_xEncuadernación rústica
_9207034
942 _cMONOGRAFIA
_n0
999 _c197971
_d197971